Ekologi dan biologi Hutan Simpan Bangi : Prodising perjumpaan sintesis

Bibliographic Details
Corporate Author: SEMINAR Ekologi dan Biologi Hutan Simpan Bangi
Other Authors: A. Latiff
Format: Book
Published: Bangi, Selangor : Penerbit UKM , 1990
Series:Kumpulan kertas kerja Universiti Kebangsaan Malaysia 14
Subjects:

MARC

LEADER 00000cam a2200000 7i4500
001 0000000734
005 20000927.0
020 0 0 |a 9679421945 
090 0 0 |a 574.52642   |b SEM 1990 
110 1 0 |a SEMINAR Ekologi dan Biologi Hutan Simpan Bangi   |k 1988   |j Bangi, Selangor 
245 1 0 |a Ekologi dan biologi Hutan Simpan Bangi :   |b Prodising perjumpaan sintesis   |c disunting oleh A. Latiff 
260 0 0 |a Bangi, Selangor :   |b Penerbit UKM ,   |c 1990 
300 |a 286 p. :   |b ill. ;   |c 26 cm. 
440 0 0 |a Kumpulan kertas kerja Universiti Kebangsaan Malaysia   |v 14 
500 0 0 |a Includes bibliographical references 
650 0 0 |a Forest ecology   |z Selangor   |x Congresses 
650 0 0 |a Forest fauna   |z Selangor   |x Congresses 
650 0 0 |a Forest flora   |z Selangor   |x Congresses 
700 0 1 |a A. Latiff 
999 |a 0000000201   |b Monograph   |c Open Shelf   |e Default branch